| 000 | 00882nam a22002537a 4500 | ||
|---|---|---|---|
| 003 | DO-SdBNP | ||
| 005 | 20220405095918.0 | ||
| 007 | ta | ||
| 008 | 211122b2021 ||||| |||| 00| 0 spa d | ||
| 020 | _a9789945610475 | ||
| 040 |
_aDO-SdBNP _bspa _cBNPHU |
||
| 082 | 4 |
_a342.7293 _b S211m _222 |
|
| 100 | 1 |
_aSánchez Sanlley, Augusto Luis _980698 |
|
| 245 | 1 |
_aManual de derecho constitucional / _cAugusto Luis Sánchez Sanlley |
|
| 260 |
_aSanto Domingo : _bTribunal Constitucional de la República Dominicana, _c2021. |
||
| 300 |
_a234 p. ; _c24 cm. |
||
| 490 | _aClásicos de derecho constitucional | ||
| 590 | _aInventariado, 2021 / DG | ||
| 650 | 4 |
_aControl de constitucionalidad _zRepública Dominicana _980699 |
|
| 650 | 4 |
_aRepública Dominicana _xDerecho constitucional _974990 |
|
| 830 |
_nClásicos de derecho constitucional _942914 |
||
| 910 | _aD/G | ||
| 942 |
_2ddc _cLBS1 |
||
| 999 |
_c51013 _d51013 |
||